La ilustración radical. La filosofía y la construcción de la modernidad, 1650-1750

Guardat en:
Dades bibliogràfiques
Autor principal: Israel, Jonathan Irvine (Autor)
Format: Llibre
Idioma:espanyol
Publicat: Ciudad de México, México Fondo de Cultura Económica 2012
Edició:1a. ed
Col·lecció:Filosofia
Matèries:
Accés en línia:Disponible Online - Introducción
Etiquetes: Afegir etiqueta
Sense etiquetes, Sigues el primer a etiquetar aquest registre!

MARC

LEADER 00000cam a2200000 a 4500
001 UCE5997
003 CL-VaPUC
005 20210927100708.0
008 150319e20120000mx |||||||||||||||||spa|d
999 |c 358504  |d 358502 
020 |a 9786071608819 
040 |c Pontificia Universidad Católica de Valparaíso 
082 0 4 |a 940.25  |b ISR  |2 21 
100 |a Israel, Jonathan Irvine  |e author  |9 571989 
245 1 3 |a La ilustración radical.  |b La filosofía y la construcción de la modernidad, 1650-1750 
250 |a 1a. ed 
260 |a Ciudad de México, México  |b Fondo de Cultura Económica  |c 2012 
300 |a 1004 páginas  
490 0 |a Filosofia 
583 |a last modification  |c 20150319 12:57:00  |k Rodrigo Vera 
650 0 |a Modernidad   |9 265371 
650 0 |a Filosofía europea  |2 CL-VaPUC  |9 347047 
651 |z Europa  |x Historia  |y Siglo 17-19  |9 863116 
856 |u http://bibliografiadigital.pucv.cl/index.php/bibliotecapucv/catalog/book/769  |y Disponible Online - Introducción  
942 |c BK  |2 ddc 
945 |d 20150319 12:57:00  |a dcastane 
952 |0 0  |1 0  |3 erd  |4 0  |6 940_250000000000000_ISR_2012  |7 0  |8 A  |9 467239  |a BIBDER  |b BIBDER  |i 5141389  |l 1  |o 940.25 ISR 2012  |p 5141389  |r 2023-01-25  |s 2021-09-13  |w 2019-11-23  |y BK  |z Catalogado en:20150319  |k DER